| 000 | 00650nam a2200253Ia 4500 | ||
|---|---|---|---|
| 008 | 141004s9999 xx 000 0 und d | ||
| 020 | _a0 7069 0862 7 | ||
| 040 | _ca | ||
| 041 | _aEnglish | ||
| 082 | _a580.12 | ||
| 082 | _bREN/CL | ||
| 100 | _aAB Rendle | ||
| 245 | _cAB Rendle | ||
| 245 | 4 | _aThe classification of flowering plants-Vol 2 | |
| 260 | _aDelhi | ||
| 260 | _bVikas publishing House pvt Ltd | ||
| 260 | _c1979 | ||
| 300 | _a640 p. | ||
| 300 | _b22 cm | ||
| 365 | _aRs.150 | ||
| 501 | _a7A3,4 | ||
| 650 | _aFlowering plants | ||
| 942 | _cBK | ||
| 999 |
_c301322 _d301322 |
||